00593 2200193 4500001002100000008004100021035001900062245012200081100001600203250000900219260003700228300002900265020002100294084001600315082001000331650002400341990001700365990001700382INLIS000000000011215 ind $a 0010-0721000055$a Pendidikan karakter : $b implementasi oleh guru, kurikulum, dan sumber daya pendidikan / $c Jasman Jalil, S.Pd., M.Pd.$a Jasman Jalil$a Cet.1$a Jawa Barat : $b Cv Jejak $c 2018 $a 174 hlm. ; $c 14 x 20 cm.$a 978-602-474-019-1$a 370.15 Jas p$a 370.15$a psikologi pendidikan$a 35565/pb/2021$a 35566/pb/2021